Sports Quiz

Random Sports Quiz
Score 0/12 Timer 08:00
0 Plays Today
% Correct
New Jersey Generals
96.2%
Los Angeles Express
87.6%
Boston Breakers
81.9%
Philadelphia Stars
81.9%
Michigan Panthers
76.2%
Chicago Blitz
75.2%
Denver Gold
71.4%
Tampa Bay Bandits
71.4%
Arizona Wranglers
67.6%
Washington Federals
67.6%
Oakland Invaders
65.7%
Birmingham Stallions
63.8%

You're not logged in!

Compare scores with friends on all Sporcle quizzes.
OR
Log In

Sporcle TV

Today on Sporcle TV


Watch our educational content, quiz creation guides, and fun videos on Sporcle TV.

Show Comments

Extras

Created Sep 22, 2009SourceReportNominate
Tags:1983, original, season, team, USFL

Top Quizzes Today


Score Distribution

Paid Content

Your Account Isn't Verified!

In order to create a playlist on Sporcle, you need to verify the email address you used during registration. Go to your Sporcle Settings to finish the process.

Report this User

Report this user for behavior that violates our Community Guidelines.

Details: